| 000 -CABECERA |
| Campo de control de longitud fija |
00547nam a22001577a 4500 |
| 008 - CAMPO FIJO DE DESCRIPCIÓN FIJA--INFORMACIÓN GENERAL |
| Campo de control de longitud fija |
211221b ||||| |||| 00| 0 eng d |
| 040 ## - FUENTE DE CATALOGACIÓN |
| Agencia de catalogación original |
CDMR |
| Agencia que realiza la transcripción |
0 |
| 245 ## - MENCIÓN DE TÍTULO |
| Título |
Òscar Mirón, el fotògraf sensible |
| Mención de responsabilidad, etc. |
/ [Editen: Diari Segre i Fundació Pública Institut d'Estudis Ilerdencs] |
| 260 ## - PUBLICACIÓN, DISTRIBUCIÓN, ETC (PIE DE IMPRENTA) |
| Lugar de publicación, distribución, etc. |
Lleida: |
| Nombre del editor, distribuidor, etc. |
Edicions de la Clamor, |
| Fecha de publicación, distribución, etc. |
2021 |
| 300 ## - DESCRIPCIÓN FÍSICA |
| Extensión |
95 pàgines |
| Otros detalles físicos |
: fotografies |
| 600 #0 - ASIENTO SECUNDARIO DE MATERIA--NOMBRE PERSONAL |
| 9 (RLIN) |
4791 |
| Nombre de persona |
Mirón, Òscar |
| 650 #0 - ASIENTO SECUNDARIO DE MATERIA--TÉRMINO DE MATERIA |
| 9 (RLIN) |
1270 |
| Nombre de materia o nombre geográfico como elemento de entrada |
Fotoperiodisme |
| Subdivisión geográfica |
Lleida |
| 710 2# - ENCABEZAMIENTO SECUNDARIO--NOMBRE CORPORATIVO |
| 9 (RLIN) |
62 |
| Nombre corporativo o de jurisdicción como elemento de entrada |
Diari Segre |
| 710 ## - ENCABEZAMIENTO SECUNDARIO--NOMBRE CORPORATIVO |
| 9 (RLIN) |
3010 |
| Nombre corporativo o de jurisdicción como elemento de entrada |
Institut d'Estudis Ilerdencs |
| 942 ## - ELEMENTOS KOHA |
| Fuente de clasificación o esquema de ordenación en estanterías |
|
| Koha tipo de item |
Monografies |